| 000 | 00782nam a2200229Ia 4500 | ||
|---|---|---|---|
| 003 | OSt | ||
| 005 | 20220926000725.0 | ||
| 006 | a|||||r|||| 00| 0 | ||
| 007 | ta | ||
| 008 | 220923b |||||||| |||| 00| 0 eng d | ||
| 037 | _cGeneral Book | ||
| 040 |
_aRTL _cRTL _beng |
||
| 041 |
_2eng _aeng |
||
| 082 | _aX9(J):54.20a5932.N79, L9 | ||
| 100 |
_aMORVA Tamas _9302931 |
||
| 245 | 0 | _aIndo- Hungarian seminar on terms of trade between agriculture and management of public sector enterpriser | |
| 260 |
_a New Delhi _bInformation and Cultural Centre Development of the Embassay of the _c1979 |
||
| 300 |
_a139p _ccm. |
||
| 700 |
_a and others _9257985 |
||
| 942 |
_hX9(J):54.20a5932.N79, L9 _cGB _2CC |
||
| 999 |
_c599506 _d599506 |
||